Statistiques concernant Pays ayant le plus de prisonniers

Cliquez ici pour prendre le quiz!

Statistiques générales

  • Ce quiz a été pris 9 321 fois
  • Le résultat moyen est 14 sur 20

Statistiques - réponses

PrisonniersPays% Correct
682 901Brésil
91%
595 728Russie
89%
1 649 804Chine
89%
2 121 600Etats-Unis
84%
(175 000)Corée du Nord
79%
419 623Inde
77%
230 000Iran
77%
204 749Mexique
77%
(106 000)Égypte
75%
116 058Colombie
74%
249 419Indonésie
70%
158 111Afrique du Sud
65%
115 035Viêt Nam
63%
83 718Pakistan
61%
83 430Royaume-Uni
61%
343 657Thaïlande
59%
232 179Turquie
55%
113 727Éthiopie
52%
85 727Pérou
50%
178 661Philippines
50%

Distribution des résultats

Percentile par nombre de réponses

% des personnes avec chaque résultat

Votre développement - résultats

Vous n’avez pas pris ce quiz